| 000 | 00745nam a2200181 4500 | ||
|---|---|---|---|
| 008 | 040917s1997 inu b 001 0 eng | ||
| 020 | _a0879736550 :USD7.00 | ||
| 090 |
_aBX4220.U5 _bC18s |
||
| 100 | 1 | _aCarey, Ann. | |
| 245 | 1 | 0 |
_aSisters in crisis : _bthe tragic unraveling of women's religious communities / _cAnn Carey. |
| 260 |
_aHuntington, Ind. : _bOur Sunday Visitor Pub. Division, _cc1997. |
||
| 300 |
_a367 p. ; _c24 cm. |
||
| 504 | _aIncludes bibliographical references (p. 356-359) and index. | ||
| 650 | 4 |
_aMonasticism and religious orders for women _zUnited States. |
|
| 650 | 4 |
_aNuns _zUnited States. |
|
| 650 | 4 |
_aWomen in church work _xCatholic Church. |
|
| 951 |
_p27620 _x00029479 _oBX4220.U5/C18s _j070613111416468 _d2000-12-21 _cGC |
||
| 999 |
_c21191 _d21191 |
||